| 000 | 00522ntaaa2200205 4500 | ||
|---|---|---|---|
| 003 | 01 | ||
| 005 | 20251027203047.0 | ||
| 008 | 0714s1973 ag 01 | ||
| 040 |
_aAR-BaBN _bspa _cAR-BaBN _eaacr _dRIC |
||
| 082 | _a462.0000 M18v | ||
| 100 |
_aMac Hale, Carlos F _931817 |
||
| 245 | _aLos Variados orígenes de la lengua española | ||
| 250 | _a1 ed. | ||
| 260 |
_as.l : _bSelecciones, _cs.f. |
||
| 300 |
_a20p ; _c19cm |
||
| 500 | _aSe debe colocar en sitv | ||
| 650 | _aCastellano | ||
| 650 | _aEspañol | ||
| 942 | _cBK | ||
| 999 |
_c25984 _d25984 |
||